Countries of South America by area smallest to biggest (Whammies) - Statistics

General Stats
  • This quiz has been taken 39 times
  • The average score is 10 of 12
Answer Stats
Km2 Answer % Correct
63,820 Suriname
93%
2,796,427 Argentina
86%
8,510,346 Brazil
86%
173,626 Uruguay
82%
1,098,581 Bolivia
79%
1,141,748 Colombia
79%
257,215 Ecuador
79%
214,969 Guyana
79%
406,752 Paraguay
79%
756,102 Chile
75%
929,690 Venezuela
75%
1,285,216 Peru
71%
No matching quizzes found
Score Distribution
Percent of People with Each Score
Percentile by Number Answered
Your Score History
You have not taken this quiz